Sulle orme di Paolo (Record n. 99472)

Dettagli MARC
000 -LEADER
fixed length control field 02314njm a2200385Ia 4500
001 - CONTROL NUMBER
control field C4191
003 - CONTROL NUMBER IDENTIFIER
control field IT-RoPAU
005 - DATE AND TIME OF LATEST TRANSACTION
control field 20220918181117.0
008 - FIXED-LENGTH DATA ELEMENTS--GENERAL INFORMATION
fixed length control field 131025s9999 xx 000 0 und d
040 ## - CATALOGING SOURCE
Original cataloging agency IT-RoPAU
040 ## - CATALOGING SOURCE
Transcribing agency IT-RoPAU
041 ## - LANGUAGE CODE
Language code of text/sound track or separate title ITALIANO
999 ## - SYSTEM CONTROL NUMBERS (KOHA)
Koha Dewey Subclass [OBSOLETE] n.d.
100 ## - MAIN ENTRY--PERSONAL NAME
Personal name AA.VV.
9 (RLIN) 794
100 ## - MAIN ENTRY--PERSONAL NAME
Relator term Autore musica
9 (RLIN) 29931
100 ## - MAIN ENTRY--PERSONAL NAME
Miscellaneous information Codice autore musica SPICS: 12000
9 (RLIN) 796
245 ## - TITLE STATEMENT
Title Sulle orme di Paolo
250 ## - EDITION STATEMENT
Edition statement 1a ed.
260 ## - PUBLICATION, DISTRIBUTION, ETC. (IMPRINT)
Place of publication, distribution, etc. ALBANO
260 ## - PUBLICATION, DISTRIBUTION, ETC. (IMPRINT)
Name of publisher, distributor, etc. EP - MUSICALI E DISCOGRAFICHE
Date of publication, distribution, etc. 1994 [1a Ed.:1994 - Ed. Lingua Orig.: 1994]
300 ## - PHYSICAL DESCRIPTION
Extent MUSICASSETTA
300 ## - PHYSICAL DESCRIPTION
Dimensions 46 minuti (Testo: 0 pag.)
500 ## - GENERAL NOTE
General note Musica religiosa. Canti vocazionali.
505 ## - FORMATTED CONTENTS NOTE
Formatted contents note Saulo Paulo [(Mazzilli Stefano) (4:00)] - Uomo nuovo diventerai [(Auricchio Paolo) (5:00)] - Nel buio la tua luce [(Damonte Cristina) (5:00)] - Io sarò con te [(Fanelli Pino) (3:00)] - La vostra gioia [(Cori Piera) (3:00)] - Chi ci separerà [(Comi Pierangelo) (4:00)] - Inno all'amore [(Cori Piera) (5:00)] - Nessun uomo [(Comi Pierangelo) (4:00)] - Il suo amore dentro di voi [(Troncossi Patrizia) (5:00)] - Corri verso Cristo [(Fanelli Pino) (4:00)] - Cristo vive in noi [(Migani Paolo) (4:00)]
650 ## - SUBJECT ADDED ENTRY--TOPICAL TERM
Topical term or geographic name as entry element VOCAZIONALE [CASSETTE]
Relator term Codice MATERIA SPICS: 9951
9 (RLIN) 25692
700 ## - ADDED ENTRY--PERSONAL NAME
Personal name Mazzilli Stefano
Dates associated with a name Codice autore testo/musica SPICS: 35357
Relator term Autore testo/musica
Name of part/section of a work Saulo Paulo
9 (RLIN) 29932
700 ## - ADDED ENTRY--PERSONAL NAME
Personal name Auricchio Paolo
Dates associated with a name Codice autore testo/musica SPICS: 35407
Relator term Autore testo/musica
Name of part/section of a work Uomo nuovo diventerai
9 (RLIN) 29933
700 ## - ADDED ENTRY--PERSONAL NAME
Personal name Damonte Cristina
Dates associated with a name Codice autore testo/musica SPICS: 41041
Relator term Autore testo/musica
Name of part/section of a work Nel buio la tua luce
9 (RLIN) 29934
700 ## - ADDED ENTRY--PERSONAL NAME
Personal name Fanelli Pino
Dates associated with a name Codice autore testo/musica SPICS: 27268
Relator term Autore testo/musica
Name of part/section of a work Io sarò con te - Corri verso Cristo
9 (RLIN) 29935
700 ## - ADDED ENTRY--PERSONAL NAME
Personal name Cori Piera
Dates associated with a name Codice autore testo/musica SPICS: 11298
Relator term Autore testo/musica
Name of part/section of a work La vostra gioia - Inno all'amore
9 (RLIN) 29936
700 ## - ADDED ENTRY--PERSONAL NAME
Personal name Comi Pierangelo
Dates associated with a name Codice autore testo/musica SPICS: 10834
Relator term Autore testo/musica
Name of part/section of a work Chi ci separerà - Nessun uomo
9 (RLIN) 29937
700 ## - ADDED ENTRY--PERSONAL NAME
Personal name Troncossi Patrizia
Dates associated with a name Codice autore testo/musica SPICS: 35399
Relator term Autore testo/musica
Name of part/section of a work Il suo amore dentro di voi
9 (RLIN) 29938
700 ## - ADDED ENTRY--PERSONAL NAME
Personal name Migani Paolo
Dates associated with a name Codice autore testo/musica SPICS: 23925
Relator term Autore testo/musica
Name of part/section of a work Cristo vive in noi
9 (RLIN) 29939
942 ## - ADDED ENTRY ELEMENTS (KOHA)
Koha item type MUSICASSETTE
Source of classification or shelving scheme Dewey Decimal Classification
Dati di copia
Withdrawn status Lost status Damaged status Not for loan Home library Current library Date acquired Total Checkouts Full call number Date last seen Price effective from Koha item type Public note
    Buone Condizioni Not For Loan SPICS-MEDIATECA SPICS-MEDIATECA 25/10/2013   C4191 25/10/2013 25/10/2013 MUSICASSETTE Progr. Ins.: 1212 / N.Vol.: 1 / Copie: 1 - Copia rara: n.d. / date import: 01.01.2014 - By Epidotti, Trombetti, Vaglietti
CREDITS: SOCIETA' SAN PAOLO Via A.Severo, 58 - ROMA (RM) & PERIODICI SAN PAOLO SRL Via Giotto, 36 MILANO & CISF Via Giotto, 36 MILANO & EDIZIONI SAN PAOLO SRL,  Piazza Soncino, 5 CINISELLO BALSAMO (MI) -- ITALY